Bank management / (Record no. 8941)
[ view plain ]
| 000 -LEADER | |
|---|---|
| fixed length control field | 01004cam a2200253 i 4500 |
| 001 - CONTROL NUMBER | |
| control field | 18150726 |
| 005 - DATE AND TIME OF LATEST TRANSACTION | |
| control field | 20260311164228.0 |
| 008 - FIXED-LENGTH DATA ELEMENTS--GENERAL INFORMATION | |
| fixed length control field | 140513s2015 at a b 001 0 eng d |
| 020 ## - INTERNATIONAL STANDARD BOOK NUMBER | |
| International Standard Book Number | 9781133494683 |
| Qualifying information | (hbk.) |
| 020 ## - INTERNATIONAL STANDARD BOOK NUMBER | |
| International Standard Book Number | 1133494684 |
| Qualifying information | (hbk.) |
| 050 00 - LIBRARY OF CONGRESS CALL NUMBER | |
| Classification number | HG1615 |
| Item number | .K625 2015 |
| 082 04 - DEWEY DECIMAL CLASSIFICATION NUMBER | |
| Classification number | 332.1068 |
| Edition information | 23 |
| 100 1# - MAIN ENTRY--PERSONAL NAME | |
| Personal name | Koch, Timothy W., |
| Relator term | author. |
| 245 10 - TITLE STATEMENT | |
| Title | Bank management / |
| Statement of responsibility, etc. | Timothy W. Koch, S. Scott MacDonald. |
| 250 ## - EDITION STATEMENT | |
| Edition statement | 8th edition. |
| 300 ## - PHYSICAL DESCRIPTION | |
| Extent | xxi, 778 pages : |
| Other physical details | illustrations ; |
| Dimensions | 26 cm |
| 650 #0 - SUBJECT ADDED ENTRY--TOPICAL TERM | |
| Topical term or geographic name entry element | Bank management. |
| 650 #7 - SUBJECT ADDED ENTRY--TOPICAL TERM | |
| Topical term or geographic name entry element | Bank management. |
| Source of heading or term | fast |
| Authority record control number or standard number | (OCoLC)fst00826723 |
| 700 1# - ADDED ENTRY--PERSONAL NAME | |
| Personal name | MacDonald, Steven Scott, |
| Dates associated with a name | 1957- |
| Relator term | author. |
| 856 42 - ELECTRONIC LOCATION AND ACCESS | |
| Materials specified | Contributor biographical information |
| Uniform Resource Identifier | <a href="http://www.loc.gov/catdir/enhancements/fy1510/2014940665-b.html">http://www.loc.gov/catdir/enhancements/fy1510/2014940665-b.html</a> |
| 856 42 - ELECTRONIC LOCATION AND ACCESS | |
| Materials specified | Publisher description |
| Uniform Resource Identifier | <a href="http://www.loc.gov/catdir/enhancements/fy1510/2014940665-d.html">http://www.loc.gov/catdir/enhancements/fy1510/2014940665-d.html</a> |
| 856 41 - ELECTRONIC LOCATION AND ACCESS | |
| Materials specified | Table of contents only |
| Uniform Resource Identifier | <a href="http://www.loc.gov/catdir/enhancements/fy1510/2014940665-t.html">http://www.loc.gov/catdir/enhancements/fy1510/2014940665-t.html</a> |
| 942 ## - ADDED ENTRY ELEMENTS (KOHA) | |
| Source of classification or shelving scheme | Library of Congress Classification |
| Koha item type | Books |
| Edition | 8th Ed. |
| Suppress in OPAC | No |
| 999 ## - | |
| -- | 8941 |
| -- | 8941 |
| Withdrawn status | Lost status | Source of classification or shelving scheme | Damaged status | Not for loan | Collection | Home library | Current library | Shelving location | Date acquired | Total checkouts | Full call number | Barcode | Date last seen | Copy number | Price effective from | Koha item type |
|---|---|---|---|---|---|---|---|---|---|---|---|---|---|---|---|---|
| Library of Congress Classification | Non-fiction | Business Library (Miotso) | Business Library (Miotso) | General stacks | 03/11/2026 | HG1615 .K625 2015 | BSSM00002514 | 03/11/2026 | 1 | 03/11/2026 | Books |